[Event "Schachfestival Basel"]
[Site "Basel"]
[Date "2018.01.02"]
[Round "1.1"]
[White "Milov, Vadim"]
[Black "Schaefer, Reyk"]
[Result "1-0"]
[WhiteElo "2589"]
[BlackElo "2162"]
[PlyCount "35"]
[EventDate "2018.01.??"]
[EventType "swiss"]
[EventRounds "9"]
[EventCountry "SUI"]
[SourceDate "2018.01.02"]

1. c4 e5 2. Nc3 Nf6 3. e3 c6 4. d4 exd4 5. exd4 d5 6. Nf3 Be7 7. cxd5 Nxd5 8.
h3 O-O 9. Bd3 Be6 10. O-O Nd7 11. Re1 Bf6 12. Ne4 h6 13. Ng3 Re8 14. Bc2 Be7
15. a3 Bf8 16. Ne5 N7f6 17. Qd3 Qc7 18. Nh5 1-0

[Event "Schachfestival Basel"]
[Site "Basel"]
[Date "2018.01.02"]
[Round "1.2"]
[White "Schweizer, Simon"]
[Black "Heimann, Andreas"]
[Result "0-1"]
[WhiteElo "2159"]
[BlackElo "2576"]
[PlyCount "56"]
[EventDate "2018.01.??"]
[EventType "swiss"]
[EventRounds "9"]
[EventCountry "SUI"]
[SourceDate "2018.01.02"]

1. e4 e5 2. Nf3 Nc6 3. Nc3 Nf6 4. g3 d5 5. exd5 Nxd5 6. Bg2 Nf6 7. O-O Bc5 8.
d3 O-O 9. a3 Re8 10. b4 Bd6 11. Bb2 Bf5 12. Re1 Qd7 13. Ne4 Nxe4 14. dxe4 Bg4
15. Qd3 Rad8 16. c3 f6 17. Qf1 Qf7 18. Qb5 Bc8 19. Bf1 a6 20. Qe2 Be6 21. Rad1
Ne7 22. Nd2 Nc8 23. Nc4 Bf8 24. Ne3 Nd6 25. f3 b5 26. Rd2 Rd7 27. a4 Red8 28.
Rxd6 Rxd6 0-1

[Event "Schachfestival Basel"]
[Site "Basel"]
[Date "2018.01.02"]
[Round "1.3"]
[White "Meijers, Viesturs"]
[Black "Simon, Ralf Axel"]
[Result "1-0"]
[WhiteElo "2477"]
[BlackElo "2146"]
[PlyCount "82"]
[EventDate "2018.01.??"]
[EventType "swiss"]
[EventRounds "9"]
[EventCountry "SUI"]
[SourceDate "2018.01.02"]

1. e4 e5 2. Nf3 Nc6 3. Bb5 a6 4. Bxc6 dxc6 5. O-O Bg4 6. h3 h5 7. d3 Qf6 8.
Nbd2 Ne7 9. Nc4 Bxf3 10. Qxf3 Qxf3 11. gxf3 Ng6 12. Rd1 Bc5 13. Be3 Bxe3 14.
fxe3 O-O-O 15. Kf2 b5 16. Na5 Ne7 17. Rg1 g6 18. a4 Rd6 19. Nb3 Kb7 20. Ra2 Kb6
21. d4 exd4 22. exd4 b4 23. a5+ Ka7 24. Ra4 Rb8 25. Ke3 Rb5 26. Nc5 Rd8 27. b3
Ng8 28. Nd3 Rdb8 29. Ne5 Ne7 30. Nxf7 c5 31. d5 Re8 32. Kf2 Rbb8 33. Raa1 Rg8
34. Rg5 Rbf8 35. Ne5 Rf6 36. Nd7 Rf4 37. Ke3 Rh4 38. Rh1 Re8 39. Nxc5 c6 40. d6
Nf5+ 41. Kf2 Nxd6 1-0

[Event "Schachfestival Basel"]
[Site "Basel"]
[Date "2018.01.02"]
[Round "1.4"]
[White "Yakimenko, Alexander A"]
[Black "Karthik, Venkataraman"]
[Result "0-1"]
[WhiteElo "2146"]
[BlackElo "2476"]
[PlyCount "132"]
[EventDate "2018.01.??"]
[EventType "swiss"]
[EventRounds "9"]
[EventCountry "SUI"]
[SourceDate "2018.01.02"]

1. d4 Nf6 2. Nf3 c5 3. d5 e6 4. c4 exd5 5. cxd5 Bd6 6. Nc3 O-O 7. Bg5 Re8 8. e3
Bf8 9. Bd3 d6 10. Qc2 h6 11. Bh4 Nbd7 12. O-O a6 13. a4 b6 14. Rfe1 Qc7 15. b3
g5 16. Bg3 Bg7 17. Nd2 Nh5 18. Nc4 Nxg3 19. hxg3 Rb8 20. Ne4 Rxe4 21. Bxe4 Bxa1
22. Rxa1 b5 23. axb5 axb5 24. Nd2 Nf6 25. Qc3 Qe7 26. f3 b4 27. Qb2 Bb7 28. Ra7
Qd8 29. Nc4 Bxd5 30. Bxd5 Nxd5 31. Qd2 Nb6 32. Nxd6 Nc8 33. Ra6 Rb6 34. Rxb6
Nxb6 35. Kf2 Nc8 36. Nc4 Qxd2+ 37. Nxd2 Nd6 38. e4 f6 39. Ke3 h5 40. Kd3 Kf7
41. Nc4 Nb5 42. Ne3 Nd6 43. Nc4 Nb5 44. Ne3 Nd6 45. g4 h4 46. Nd5 Ke6 47. Nb6
Nf7 48. Ke3 Ne5 49. Na4 Kd6 50. Nb6 Ng6 51. Nd5 Ke5 52. Nb6 Nf4 53. Nc4+ Ke6
54. Kf2 Kd7 55. Nb2 Ke7 56. Nc4 Ke6 57. Kf1 Nd3 58. Na5 Ke5 59. Nc6+ Kf4 60.
Ne7 Nc1 61. Kf2 Nd3+ 62. Ke2 Kg3 63. Kxd3 Kxg2 64. Ke2 h3 65. Nf5 h2 66. Ne3+
Kg1 0-1

[Event "Schachfestival Basel"]
[Site "Basel"]
[Date "2018.01.02"]
[Round "1.5"]
[White "Firat, Burak"]
[Black "Wenner, Tobias"]
[Result "1-0"]
[WhiteElo "2453"]
[BlackElo "2145"]
[PlyCount "69"]
[EventDate "2018.01.??"]
[EventType "swiss"]
[EventRounds "9"]
[EventCountry "SUI"]
[SourceDate "2018.01.02"]

1. d4 Nf6 2. Nf3 g6 3. g3 Bg7 4. Bg2 O-O 5. O-O d6 6. a4 a5 7. Re1 Nc6 8. Nc3
Bd7 9. e4 e5 10. dxe5 dxe5 11. Nb5 Rc8 12. c3 Qe7 13. Qc2 Rfd8 14. b3 h6 15.
Nd2 Be6 16. Nf1 Qd7 17. Ba3 Qd3 18. Qb2 Bf8 19. Bxf8 Kxf8 20. Ne3 Qd7 21. Rad1
Qe8 22. Nd5 Kg7 23. Nbxc7 Qf8 24. Nb5 Qc5 25. Qa3 Qxa3 26. Nxa3 Na7 27. Nc4 b5
28. Nxa5 bxa4 29. bxa4 Bxd5 30. exd5 Rxc3 31. Rxe5 Ra3 32. Nb7 Nd7 33. Re7 Nc8
34. Ree1 Rf8 35. a5 1-0

[Event "Schachfestival Basel"]
[Site "Basel"]
[Date "2018.01.02"]
[Round "1.6"]
[White "Dekan, Hans"]
[Black "Beukema, Stefan"]
[Result "0-1"]
[WhiteElo "2138"]
[BlackElo "2403"]
[PlyCount "89"]
[EventDate "2018.01.??"]
[EventType "swiss"]
[EventRounds "9"]
[EventCountry "SUI"]
[SourceDate "2018.01.02"]

1. e4 e5 2. Nf3 Nc6 3. Bb5 a6 4. Bc4 Bc5 5. c3 Nf6 6. O-O Nxe4 7. Bd5 Nf6 8.
Bxc6 dxc6 9. Nxe5 Be6 10. d4 Bd6 11. Bg5 h6 12. Bh4 g5 13. Bg3 Ne4 14. Re1 Nxg3
15. hxg3 Qe7 16. Qe2 h5 17. Ng6 fxg6 18. Qxe6 Qxe6 19. Rxe6+ Kf7 20. Re4 h4 21.
gxh4 Rae8 22. Nd2 gxh4 23. Rae1 Rxe4 24. Rxe4 g5 25. Nc4 Kf6 26. Ne3 a5 27.
Ng4+ Kf5 28. f3 a4 29. Ne3+ Kg6 30. Nc4 Bf4 31. Ne5+ Kf5 32. Nd3 Bd6 33. c4 b6
34. Nf2 c5 35. d5 Be5 36. Nd3 Bd4+ 37. Kh2 b5 38. cxb5 Rd8 39. Re7 Rxd5 40.
Rxc7 Be3 41. Kh3 Rxd3 42. b6 Rd6 43. b7 Rb6 44. Rf7+ Ke6 45. Rf8 0-1

[Event "Schachfestival Basel"]
[Site "Basel"]
[Date "2018.01.02"]
[Round "1.7"]
[White "Woellermann, Jan"]
[Black "Schwander, Lukas"]
[Result "1/2-1/2"]
[WhiteElo "2392"]
[BlackElo "2135"]
[PlyCount "95"]
[EventDate "2018.01.??"]
[EventType "swiss"]
[EventRounds "9"]
[EventCountry "SUI"]
[SourceDate "2018.01.02"]

1. d4 d5 2. c4 c6 3. Nf3 Nf6 4. e3 Bf5 5. Nc3 a6 6. Qb3 Ra7 7. a4 e6 8. a5 Nbd7
9. Be2 Bd6 10. O-O Ne4 11. cxd5 exd5 12. Nxe4 Bxe4 13. Bd2 Qe7 14. Ra4 O-O 15.
Bb4 Bc2 16. Bxd6 Bxb3 17. Bxe7 Bxa4 18. Bxf8 Kxf8 19. Rc1 Bb5 20. Kf1 Ke7 21.
Ne1 Kd6 22. Nd3 Ra8 23. f3 Re8 24. Kf2 Re7 25. g4 h6 26. h4 Nf8 27. Nc5 Bxe2
28. Kxe2 Ne6 29. Nxe6 fxe6 30. f4 b6 31. axb6 Rb7 32. Kd3 Rxb6 33. Kc3 c5 34.
dxc5+ Kxc5 35. h5 Kd6 36. Ra1 Rc6+ 37. Kd4 Rb6 38. Ra4 Ke7 39. Ke5 Rb3 40. Kd4
Rxb2 41. Rxa6 Rb4+ 42. Kc3 Re4 43. Kd3 Kf6 44. Rb6 Kf7 45. Rb7+ Kf6 46. Rb6 Kf7
47. Rb7+ Kf6 48. Rb6 1/2-1/2

[Event "Schachfestival Basel"]
[Site "Basel"]
[Date "2018.01.02"]
[Round "1.8"]
[White "Fischer, Daniel"]
[Black "Harff, Marcel"]
[Result "0-1"]
[WhiteElo "2123"]
[BlackElo "2375"]
[PlyCount "72"]
[EventDate "2018.01.??"]
[EventType "swiss"]
[EventRounds "9"]
[EventCountry "SUI"]
[SourceDate "2018.01.02"]

1. e4 e6 2. d4 d5 3. Nd2 Be7 4. Bd3 b6 5. Ne2 Nf6 6. e5 Nfd7 7. c3 Ba6 8. Bc2
c5 9. O-O Nc6 10. Nf3 g5 11. h3 h5 12. g4 hxg4 13. hxg4 cxd4 14. cxd4 Rh3 15.
Kg2 Bxe2 16. Qxe2 Rxf3 17. Qxf3 Nxd4 18. Qd3 Nxc2 19. Qxc2 Nxe5 20. Rh1 Ng6 21.
Rh3 Qd7 22. Rc3 d4 23. Qe4 Rd8 24. Rd3 f5 25. gxf5 exf5 26. Qe2 Qd5+ 27. Kg1
Ne5 28. Bxg5 Bxg5 29. Re1 Bf6 30. f4 Kd7 31. Rg3 Rh8 32. Qg2 Qxg2+ 33. Kxg2 Ng4
34. Rh1 Ne3+ 35. Kg1 Rxh1+ 36. Kxh1 Ke6 0-1

[Event "Schachfestival Basel"]
[Site "Basel"]
[Date "2018.01.02"]
[Round "1.9"]
[White "Kerigan, Demre"]
[Black "Bhend, Edwin"]
[Result "1-0"]
[WhiteElo "2340"]
[BlackElo "2123"]
[PlyCount "99"]
[EventDate "2018.01.??"]
[EventType "swiss"]
[EventRounds "9"]
[EventCountry "SUI"]
[SourceDate "2018.01.02"]

1. e4 c5 2. Nc3 a6 3. Nf3 e6 4. d4 b5 5. Bd3 Bb7 6. dxc5 Bxc5 7. O-O Ne7 8. e5
Ng6 9. a4 b4 10. Ne4 Bxe4 11. Bxe4 Nc6 12. Bxc6 dxc6 13. Qe2 Be7 14. Rd1 Qc7
15. Qe4 O-O 16. h4 Rfd8 17. Re1 Rd5 18. h5 Nf8 19. h6 g6 20. Bg5 a5 21. Re2
Bxg5 22. Nxg5 f5 23. Qc4 Qb6 24. c3 bxc3 25. bxc3 Rad8 26. Rae1 Rb8 27. Nf3 c5
28. Rd2 Rbd8 29. Rxd5 Rxd5 30. Qa2 Qd8 31. Qb3 g5 32. g3 g4 33. Nh4 Ng6 34. Qb7
Ne7 35. Ng2 Kf7 36. Qa7 c4 37. Ne3 Qd7 38. Qb8 Qd8 39. Qxd8 Rxd8 40. Nxc4 Ra8
41. Rb1 Nd5 42. Nd6+ Kg6 43. c4 Nb4 44. c5 Ra6 45. Nc4 Kxh6 46. Rd1 Rc6 47. Rd6
Rxc5 48. Rxe6+ Kg5 49. Nd6 Rc7 50. Rf6 1-0

[Event "Schachfestival Basel"]
[Site "Basel"]
[Date "2018.01.02"]
[Round "1.10"]
[White "Pupier, Terry"]
[Black "Paul, Johannes"]
[Result "0-1"]
[WhiteElo "2107"]
[BlackElo "2331"]
[PlyCount "146"]
[EventDate "2018.01.??"]
[EventType "swiss"]
[EventRounds "9"]
[EventCountry "SUI"]
[SourceDate "2018.01.02"]

1. e4 e6 2. b3 d5 3. Bb2 Nf6 4. e5 Nfd7 5. Qg4 c5 6. f4 Nc6 7. Nf3 g6 8. Be2 a6
9. O-O b5 10. Nc3 Nb4 11. Bd1 Nb6 12. Ne2 Be7 13. Ng5 h6 14. Nf3 Kd7 15. Ne1
Bb7 16. c3 Nc6 17. Bc2 Kc7 18. Nf3 a5 19. a3 Ba6 20. d3 Qd7 21. Nd2 Kb7 22.
Rad1 c4 23. dxc4 bxc4 24. b4 Bb5 25. Nf3 axb4 26. axb4 Ra2 27. Rb1 Ba4 28. Nc1
Bxc2 29. Nxa2 Bxb1 30. Rxb1 Ra8 31. Nc1 Na4 32. Ba1 Bd8 33. Ne2 Bb6+ 34. Kh1
Bf2 35. Rf1 Be3 36. Qh3 h5 37. Ne1 Bb6 38. Nf3 Rf8 39. Qg3 Ka6 40. Rd1 Na7 41.
Rd2 Ra8 42. Nfd4 Nb5 43. Nc2 Kb7 44. Qe1 Ra7 45. Rd1 Qd8 46. Qg3 Ra6 47. h3 Ba7
48. Nc1 Qb6 49. Ne2 Qf2 50. Qxf2 Bxf2 51. g4 Nb6 52. Kg2 Ra2 53. Rc1 Be3 54.
Nxe3 Rxe2+ 55. Kf3 Ra2 56. gxh5 gxh5 57. f5 Nd7 58. Kf4 Rf2+ 59. Kg3 Re2 60.
Kf3 Ra2 61. fxe6 fxe6 62. Kf4 Rf2+ 63. Kg3 Re2 64. Kf3 Ra2 65. Kf4 Kc7 66. Rf1
Kd8 67. Kg5 Re2 68. Rf3 Nxe5 69. Rg3 Nd6 70. Kxh5 Ra2 71. Rg1 Ke7 72. h4 Ra8
73. Re1 Ndf7 0-1

[Event "Schachfestival Basel"]
[Site "Basel"]
[Date "2018.01.02"]
[Round "1.11"]
[White "Faibisovich, Vadim Z"]
[Black "Wirz, Heinz"]
[Result "1-0"]
[WhiteElo "2325"]
[BlackElo "2103"]
[PlyCount "105"]
[EventDate "2018.01.??"]
[EventType "swiss"]
[EventRounds "9"]
[EventCountry "SUI"]
[SourceDate "2018.01.02"]

1. d4 Nf6 2. Nf3 g6 3. g3 Bg7 4. Bg2 O-O 5. O-O d6 6. Nc3 Nbd7 7. e4 e5 8. h3
c6 9. Be3 Qa5 10. dxe5 dxe5 11. a3 Rd8 12. Qe2 Nf8 13. Rfd1 Be6 14. Nd2 Qc7 15.
a4 b6 16. b3 Rd7 17. Nc4 Rad8 18. Rxd7 Rxd7 19. a5 b5 20. Nb2 Ne8 21. Nd3 Rd8
22. Nc5 Bc8 23. Nd1 Ne6 24. Nxe6 Bxe6 25. Nb2 Bf8 26. Nd3 Be7 27. Nc5 Bc8 28.
a6 Qb8 29. Kh2 Nc7 30. c4 Bxc5 31. Bxc5 Nxa6 32. Be3 b4 33. Ra5 Qd6 34. c5 Qd1
35. Bf3 Qxe2 36. Bxe2 Nc7 37. Rxa7 Ne6 38. Bc4 Bd7 39. Kg2 Be8 40. Rb7 Nd4 41.
Bg5 Ra8 42. Bf6 Ne6 43. Bxe6 fxe6 44. Bxe5 g5 45. Rxb4 Bg6 46. Kf3 Ra2 47. Ke3
Rc2 48. Rb8+ Kf7 49. Rb7+ Ke8 50. b4 Rc4 51. f3 h5 52. g4 hxg4 53. hxg4 1-0

[Event "Schachfestival Basel"]
[Site "Basel"]
[Date "2018.01.02"]
[Round "1.12"]
[White "Goldie, Thomas"]
[Black "Aeschbach, Philipp"]
[Result "0-1"]
[WhiteElo "2098"]
[BlackElo "2304"]
[PlyCount "138"]
[EventDate "2018.01.??"]
[EventType "swiss"]
[EventRounds "9"]
[EventCountry "SUI"]
[SourceDate "2018.01.02"]

1. e4 e5 2. Nf3 Nc6 3. Bc4 Bc5 4. d3 Nf6 5. Bb3 d6 6. c3 a6 7. Nbd2 O-O 8. h3
Re8 9. O-O Ba7 10. Re1 h6 11. Nf1 d5 12. Ng3 Be6 13. Qe2 Qd7 14. Be3 d4 15.
Bxe6 Rxe6 16. cxd4 Nxd4 17. Bxd4 Bxd4 18. Nxd4 Qxd4 19. Nf5 Qb4 20. Rac1 c6 21.
Rc3 Qf8 22. g3 g6 23. Ne3 Rd8 24. Rec1 Rd7 25. Nc4 Nh5 26. Ne3 Qd8 27. Ng4 Kh7
28. Kh2 Nf6 29. Ne3 Ne8 30. R1c2 Nc7 31. a4 Re8 32. Ng4 h5 33. Ne3 Ne6 34. Rd2
Nd4 35. Qd1 Qf6 36. Kg2 Qe6 37. Nc2 Nb3 38. Re2 Red8 39. Ne1 Nd4 40. Rd2 a5 41.
Nf3 Nxf3 42. Qxf3 Rd4 43. b3 Kg7 44. Rc4 b5 45. axb5 cxb5 46. Rc5 Rb4 47. Qd1
Qxb3 48. Qa1 a4 49. Qxe5+ Kg8 50. Qf6 Rbd4 51. e5 Qe6 52. Rxb5 Qxf6 53. exf6
Ra8 54. Rdb2 Rxd3 55. Rb8+ Rd8 56. Rxd8+ Rxd8 57. Ra2 Ra8 58. g4 hxg4 59. hxg4
g5 60. f4 gxf4 61. Kf3 Kh7 62. Kxf4 Kg6 63. Ra3 Kxf6 64. Kf3 Ke5 65. Ke3 Ra6
66. Kf3 Kd4 67. Kf4 Kc4 68. Kf5 Kb4 69. Ra1 a3 0-1

[Event "Schachfestival Basel"]
[Site "Basel"]
[Date "2018.01.02"]
[Round "1.13"]
[White "Hamblok, Roel"]
[Black "Sadeghi, Hassan Roger"]
[Result "1-0"]
[WhiteElo "2292"]
[BlackElo "2089"]
[PlyCount "79"]
[EventDate "2018.01.??"]
[EventType "swiss"]
[EventRounds "9"]
[EventCountry "SUI"]
[SourceDate "2018.01.02"]

1. d4 e6 2. Nf3 c5 3. c3 Nc6 4. Bf4 cxd4 5. cxd4 Qb6 6. Nc3 Qxb2 7. Bd2 Nb4 8.
Rc1 a6 9. Na4 Qxa2 10. Nb6 Rb8 11. Nxc8 b5 12. Bf4 Nc6 13. Nd6+ Bxd6 14. Bxd6
Ra8 15. e4 Nge7 16. Bd3 Qa5+ 17. Qd2 Qxd2+ 18. Kxd2 f6 19. Rhe1 Kf7 20. h4 Nc8
21. Bg3 N8e7 22. Ra1 Rhc8 23. Reb1 g6 24. Ke3 h6 25. Nd2 g5 26. hxg5 hxg5 27.
Bd6 f5 28. Nb3 fxe4 29. Bxe4 Nf5+ 30. Bxf5 exf5 31. Nc5 a5 32. Rxb5 Nb4 33. Kd2
Rc6 34. Rxb4 Rxd6 35. Rba4 Rb8 36. R1a2 Rb5 37. Kc3 Rc6 38. Kc4 Rb1 39. Rxa5
Rc1+ 40. Kd5 1-0

[Event "Schachfestival Basel"]
[Site "Basel"]
[Date "2018.01.02"]
[Round "1.14"]
[White "Beck, Michael"]
[Black "Meier, Volker"]
[Result "0-1"]
[WhiteElo "2084"]
[BlackElo "2284"]
[PlyCount "52"]
[EventDate "2018.01.??"]
[EventType "swiss"]
[EventRounds "9"]
[EventCountry "SUI"]
[SourceDate "2018.01.02"]

1. e4 c5 2. d3 Nc6 3. g3 g6 4. Bg2 Bg7 5. Nf3 d6 6. O-O e6 7. c3 Nge7 8. d4 O-O
9. Re1 b6 10. Na3 cxd4 11. cxd4 Bb7 12. Be3 Qd7 13. Qd2 Rfd8 14. Bh6 Bh8 15.
Bh3 f5 16. Nc2 fxe4 17. Ng5 Nf5 18. Rxe4 Re8 19. d5 Ne5 20. Bxf5 exf5 21. Rh4
Bf6 22. Kg2 Ng4 23. Rd1 Re5 24. Nb4 Rae8 25. Rf1 Re2 26. Qd3 Nxh6 0-1

[Event "Schachfestival Basel"]
[Site "Basel"]
[Date "2018.01.02"]
[Round "1.15"]
[White "Kappeler, Kaspar"]
[Black "Parnali, S Dharia"]
[Result "1-0"]
[WhiteElo "2280"]
[BlackElo "2082"]
[PlyCount "107"]
[EventDate "2018.01.??"]
[EventType "swiss"]
[EventRounds "9"]
[EventCountry "SUI"]
[SourceDate "2018.01.02"]

1. d4 Nf6 2. c4 g6 3. Nc3 Bg7 4. e4 d6 5. Nf3 O-O 6. Be2 e5 7. O-O Nc6 8. d5
Ne7 9. b4 a5 10. Ba3 Nh5 11. bxa5 f5 12. Nd2 Nf4 13. f3 c5 14. Nb3 b6 15. Bb2
bxa5 16. a4 Kh8 17. Nb5 Ng8 18. Bc3 Qg5 19. g3 fxe4 20. Nxd6 Nf6 21. Nxc8 Raxc8
22. Nxa5 N4xd5 23. cxd5 Qe3+ 24. Kg2 Qxc3 25. Nc4 Qd4 26. Qxd4 exf3+ 27. Bxf3
cxd4 28. Nxe5 Nxd5 29. Nxg6+ hxg6 30. Bxd5 Rc2+ 31. Kh3 Rd8 32. Be4 Rc4 33. Bd3
Rc3 34. Rfd1 Be5 35. a5 Bb8 36. a6 Ba7 37. Rab1 Rc7 38. Bxg6 Kg7 39. Bd3 Rdd7
40. Kg2 Kf6 41. h4 Rg7 42. Kh3 Rc3 43. g4 Ke5 44. g5 Kf4 45. Rb2 Kf3 46. g6
Rgc7 47. Rb7 Rxb7 48. axb7 Rc7 49. h5 Rxb7 50. h6 Rb2 51. g7 Bb8 52. Rf1+ Ke3
53. Bg6 Ke2 54. Rb1 1-0

[Event "Schachfestival Basel"]
[Site "Basel"]
[Date "2018.01.02"]
[Round "1.16"]
[White "Faraone, Ettore"]
[Black "Roseneck, Jonas"]
[Result "0-1"]
[WhiteElo "2079"]
[BlackElo "2279"]
[PlyCount "116"]
[EventDate "2018.01.??"]
[EventType "swiss"]
[EventRounds "9"]
[EventCountry "SUI"]
[SourceDate "2018.01.02"]

1. e4 c5 2. Nf3 d6 3. d4 cxd4 4. Nxd4 Nf6 5. Nc3 a6 6. Bg5 Nbd7 7. Bc4 Qb6 8.
Qd2 Qxb2 9. O-O Qb4 10. Be2 g6 11. Rab1 Qa5 12. Be3 Bg7 13. f4 O-O 14. Bf3 Qc7
15. a4 e5 16. Nde2 exf4 17. Nxf4 Ne5 18. Nfd5 Nxd5 19. Nxd5 Qd8 20. Be2 Nc6 21.
Bg5 Bd4+ 22. Kh1 f6 23. c3 Be5 24. Bh6 Rf7 25. Nb6 Be6 26. Nxa8 Qxa8 27. Bf4
Qc8 28. Bxe5 dxe5 29. Qd6 Kg7 30. Rb6 Qc7 31. Qc5 Qe7 32. Qxe7 Rxe7 33. Bxa6
Na5 34. Bb5 Kf7 35. h3 Rc7 36. c4 Ke7 37. Rd1 Nb3 38. a5 Nxa5 39. Ra1 Nb3 40.
Ra8 Bc8 41. Rxc8 Rxc8 42. Rxb7+ Kd6 43. Rxh7 Nc5 44. Rh6 Rg8 45. g4 Nxe4 46.
Kg2 Kc5 47. Rh7 Ra8 48. Rc7+ Kd4 49. h4 Ra2+ 50. Kh3 Ke3 51. Bc6 Nf2+ 52. Kg3
e4 53. h5 Nh1+ 54. Kh3 gxh5 55. gxh5 Kf4 56. h6 Nf2+ 57. Kh4 Ng4 58. Kh5 Ne5
0-1

[Event "Schachfestival Basel"]
[Site "Basel"]
[Date "2018.01.02"]
[Round "1.17"]
[White "Lee, Qing Aun"]
[Black "Terraz, Christian"]
[Result "1-0"]
[WhiteElo "2277"]
[BlackElo "2075"]
[PlyCount "63"]
[EventDate "2018.01.??"]
[EventType "swiss"]
[EventRounds "9"]
[EventCountry "SUI"]
[SourceDate "2018.01.02"]

1. e4 e5 2. Nf3 Nc6 3. Bc4 Nf6 4. d3 Be7 5. O-O O-O 6. Bb3 d6 7. c3 Kh8 8. Ng5
d5 9. Qf3 Bg4 10. Qg3 Bh5 11. Nd2 Bg6 12. Qf3 Na5 13. Bc2 h6 14. Nh3 c5 15. Qe2
Nc6 16. f4 Bh5 17. Nf3 dxe4 18. dxe4 Bd6 19. f5 a6 20. Nf2 b5 21. h3 Bxf3 22.
Qxf3 Qc7 23. g4 Be7 24. h4 Nh7 25. g5 Rg8 26. Ng4 c4 27. Kh1 hxg5 28. hxg5 Bxg5
29. Qh3 Bxc1 30. Raxc1 g6 31. f6 g5 32. Rf2 1-0

[Event "Schachfestival Basel"]
[Site "Basel"]
[Date "2018.01.02"]
[Round "1.18"]
[White "Haenggi, Markus"]
[Black "Heinemann, Josefine"]
[Result "0-1"]
[WhiteElo "2065"]
[BlackElo "2270"]
[PlyCount "60"]
[EventDate "2018.01.??"]
[EventType "swiss"]
[EventRounds "9"]
[EventCountry "SUI"]
[SourceDate "2018.01.02"]

1. e4 c5 2. Nc3 Nc6 3. Bb5 Nd4 4. Nf3 Nxb5 5. Nxb5 a6 6. Nc3 d6 7. d4 cxd4 8.
Nxd4 Nf6 9. O-O g6 10. a4 Bg7 11. Kh1 O-O 12. f3 b6 13. Be3 Bb7 14. Qd2 Rc8 15.
Bh6 e5 16. Bxg7 Kxg7 17. Nde2 d5 18. Nxd5 Nxd5 19. exd5 Bxd5 20. Nc3 Be6 21.
Qe3 Qc7 22. Rfe1 Bf5 23. Re2 Rfd8 24. g4 Be6 25. Rae1 Rd4 26. Qxe5+ Qxe5 27.
Rxe5 Rb4 28. Ne4 Rxc2 29. Ng5 Bc4 30. Rb1 Ba2 0-1

[Event "Schachfestival Basel"]
[Site "Basel"]
[Date "2018.01.02"]
[Round "1.19"]
[White "Maerevoet, Sim"]
[Black "Faldum, Manfred"]
[Result "1-0"]
[WhiteElo "2270"]
[BlackElo "2065"]
[PlyCount "39"]
[EventDate "2018.01.??"]
[EventType "swiss"]
[EventRounds "9"]
[EventCountry "SUI"]
[SourceDate "2018.01.02"]

1. d4 g6 2. e4 Bg7 3. Nc3 c5 4. dxc5 Bxc3+ 5. bxc3 Nf6 6. Qd4 Nc6 7. Qa4 d6 8.
cxd6 Qxd6 9. Bd3 Bd7 10. Ne2 O-O 11. Qa3 Qe6 12. f3 Ne5 13. Nd4 Qb6 14. Be3 Qc7
15. O-O Nc4 16. Bxc4 Qxc4 17. Qxe7 Nh5 18. Qxd7 Rad8 19. Qxb7 Qxc3 20. Qb3 1-0

[Event "Schachfestival Basel"]
[Site "Basel"]
[Date "2018.01.02"]
[Round "1.20"]
[White "Weber, Dominik"]
[Black "Petermann, Michail"]
[Result "1/2-1/2"]
[WhiteElo "2043"]
[BlackElo "2251"]
[PlyCount "171"]
[EventDate "2018.01.??"]
[EventType "swiss"]
[EventRounds "9"]
[EventCountry "SUI"]
[SourceDate "2018.01.02"]

1. d4 f5 2. c4 Nf6 3. Nc3 d6 4. g3 g6 5. Bg2 Bg7 6. f4 O-O 7. e3 c6 8. Nge2 e5
9. dxe5 dxe5 10. Qxd8 Rxd8 11. O-O Be6 12. b3 e4 13. Nd4 Bf7 14. Rb1 c5 15.
Ndb5 Nc6 16. Rd1 a6 17. Nd6 Ng4 18. Nxf7 Kxf7 19. Nd5 Nb4 20. h3 Nf6 21. Ba3
Nfxd5 22. cxd5 Nd3 23. Rxd3 exd3 24. Rd1 Rac8 25. Rxd3 b5 26. g4 c4 27. bxc4
bxc4 28. Rd1 c3 29. d6 c2 30. Bd5+ Ke8 31. Rc1 Rc3 32. Bb4 Rd3 33. Bc6+ Kf7 34.
Rxc2 Bf8 35. Ba4 Bxd6 36. Ba5 Rb8 37. Bb3+ Ke7 38. gxf5 Rxe3 39. fxg6 hxg6 40.
Rg2 Kf6 41. Bc2 Rg8 42. Bb6 Rxh3 43. Bd4+ Ke7 44. f5 g5 45. Re2+ Kd7 46. Ba4+
Kc7 47. Rc2+ Kb8 48. Rb2+ Kc7 49. Rc2+ Kb8 50. Rb2+ Kc8 51. Rc2+ Bc7 52. Bb3
Rd8 53. Be5 Rh7 54. Be6+ Kb7 55. Rb2+ Ka7 56. Bxc7 Rxc7 57. Rf2 Rf8 58. Kg2 Rc3
59. Rf3 Rc7 60. Kg3 Kb6 61. Rb3+ Kc5 62. Rc3+ Kd6 63. Rxc7 Kxc7 64. Kg4 Kd6 65.
Kxg5 Ke5 66. Kg6 Rb8 67. Bb3 Rd8 68. Be6 Rd2 69. Kg7 a5 70. Kg6 a4 71. Kg7 a3
72. Kg6 Rf2 73. Kg5 Rg2+ 74. Kh4 Kf4 75. Kh3 Rg3+ 76. Kh2 Rg7 77. f6 Rh7+ 78.
Kg2 Ke5 79. f7 Rh8 80. Bb3 Kf6 81. Kf2 Rb8 82. Ke2 Ke7 83. Bc4 Rd8 84. Bb3 Rd6
85. Ke3 Rb6 86. Bc4 1/2-1/2

[Event "Schachfestival Basel"]
[Site "Basel"]
[Date "2018.01.02"]
[Round "1.21"]
[White "Beukema, Jasper"]
[Black "Nyffenegger, Michael"]
[Result "1-0"]
[WhiteElo "2249"]
[BlackElo "2035"]
[PlyCount "77"]
[EventDate "2018.01.??"]
[EventType "swiss"]
[EventRounds "9"]
[EventCountry "SUI"]
[SourceDate "2018.01.02"]

1. d4 Nf6 2. c4 c5 3. d5 b5 4. cxb5 a6 5. bxa6 g6 6. Nc3 Bxa6 7. g3 d6 8. e4
Bxf1 9. Kxf1 Bg7 10. Nge2 O-O 11. Kg2 Nbd7 12. Qc2 Qa5 13. Bd2 Qa6 14. a4 Rfc8
15. Nb5 c4 16. Ned4 Ne5 17. Bc3 Nd3 18. Qe2 Nc5 19. Nc6 Kf8 20. Bd4 Nb3 21. Ra3
Nxd4 22. Ncxd4 Qb7 23. Rc1 Ra6 24. Nc6 Raxc6 25. dxc6 Rxc6 26. Rac3 d5 27. exd5
Nxd5 28. Rf3 Nb6 29. Qe4 f5 30. Rd1 e5 31. Rd8+ Ke7 32. Qh4+ Rf6 33. Rg8 Ke6
34. Qxh7 e4 35. Re3 Rf7 36. Qxg6+ Bf6 37. Re8+ Re7 38. Qg8+ Ke5 39. f4# 1-0

[Event "Schachfestival Basel"]
[Site "Basel"]
[Date "2018.01.02"]
[Round "1.22"]
[White "Jud, Marc"]
[Black "Biastoch, Bennet"]
[Result "1/2-1/2"]
[WhiteElo "2022"]
[BlackElo "2234"]
[PlyCount "45"]
[EventDate "2018.01.??"]
[EventType "swiss"]
[EventRounds "9"]
[EventCountry "SUI"]
[SourceDate "2018.01.02"]

1. d4 d5 2. Nf3 c6 3. g3 Nf6 4. Bg2 Bf5 5. O-O e6 6. b3 Be7 7. Bb2 O-O 8. Nbd2
h6 9. Ne5 Nbd7 10. Nxd7 Qxd7 11. c4 Rad8 12. Rc1 Rfe8 13. Re1 Bh7 14. e3 Bd6
15. e4 Bb4 16. cxd5 exd5 17. e5 Ne4 18. Nxe4 Bxe4 19. Re3 Bxg2 20. Kxg2 Qf5 21.
Qd3 Qxd3 22. Rxd3 g6 23. Bc3 1/2-1/2

[Event "Schachfestival Basel"]
[Site "Basel"]
[Date "2018.01.02"]
[Round "1.23"]
[White "Leutwyler, Martin"]
[Black "Zennaf, Karim"]
[Result "1/2-1/2"]
[WhiteElo "2188"]
[BlackElo "2013"]
[PlyCount "80"]
[EventDate "2018.01.??"]
[EventType "swiss"]
[EventRounds "9"]
[EventCountry "SUI"]
[SourceDate "2018.01.02"]

1. d4 d5 2. Nf3 Nf6 3. c4 c6 4. e3 e6 5. b3 Ne4 6. Bd3 Bb4+ 7. Nbd2 f5 8. O-O
O-O 9. a3 Bd6 10. Bb2 Rf6 11. Ne5 Rh6 12. f4 Bd7 13. b4 a6 14. Ndf3 Be8 15. Qb3
Bxe5 16. dxe5 Bh5 17. Bxe4 dxe4 18. Nd4 Bg4 19. Rf2 Kh8 20. c5 Qe7 21. a4 Nd7
22. Ba3 Rg8 23. b5 axb5 24. axb5 Nb8 25. Bb4 g5 26. Ra7 Qd7 27. Rd2 gxf4 28.
Nxf5 Qxd2 29. Bxd2 Bxf5 30. exf4 Rhg6 31. g3 R6g7 32. Be3 Rd7 33. Kf2 Rgd8 34.
bxc6 Nxc6 35. Rxb7 Rd3 36. Qb6 Rxe3 37. Kxe3 Rd3+ 38. Kf2 Bg4 39. Qxc6 Rd2+ 40.
Ke3 Rd3+ 1/2-1/2